000 00616nam a2200217 i 4500
001 102641
003 ES-MaACL
005 20250719032101.0
007 t|
008 051124s1976 pr ||||1| spa d
080 _a929 Hostos, Eugenio María de
100 1 _aBosch, Juan.
_930641
245 1 0 _aHostos el sembrador /
_cJuan Bosch.
260 _aRío Piedras :
_bHuracán,
_c1976.
300 _a208 p. :
_bil. ;
_c20 cm.
490 1 _aNorte
600 1 4 _aHostos, Eugenio María de,
_d1839-1903-
_xBiografías
_964303
830 1 _aNorte
_9232528
852 _aES-MaACL
_jE-11143
999 _c102641
_d102641